| 000 | 00639nam a2200205 a 4500 | ||
|---|---|---|---|
| 999 |
_c1828 _d1828 |
||
| 001 | 017264744 | ||
| 003 | UkOxU | ||
| 005 | 20230202085204.0 | ||
| 008 | 100812r20101972enk j 000 1 eng d | ||
| 020 | _a9780006613404 | ||
| 040 |
_cSTD _dKH8 |
||
| 082 | _a823.91 KER | ||
| 100 | 1 |
_aKerr, Judith. _eauthor |
|
| 245 | 1 | 0 |
_aWhen Willy went to the wedding / _cwritten and illustrated by Judith Kerr |
| 260 |
_aLondon : _bHarperCollins, _c2010. |
||
| 300 |
_a[30] p. : _bchiefly col. ill. ; _c28 cm. |
||
| 500 | _aFirst published in Great Britain: London : William Collins, 1972. | ||
| 650 | 0 |
_aWeddings _vJuvenile fiction. |
|
| 942 |
_2ddc _cNFIC |
||